<?xml version="1.0" encoding="UTF-8"?>
<marc:record xmlns:marc="http://www.loc.gov/MARC21/slim">
   <marc:leader>00000nam a2200000 a 4500</marc:leader>
   <marc:datafield ind1="1" ind2=" " tag="100">
      <marc:subfield code="a">Lackner, Herbert</marc:subfield>
      <marc:subfield code="4">aut</marc:subfield>
      <marc:subfield code="e">Verfasser/-in</marc:subfield>
   </marc:datafield>
   <marc:datafield ind1=" " ind2=" " tag="653">
      <marc:subfield code="a">Schriftsteller</marc:subfield>
   </marc:datafield>
   <marc:datafield ind1=" " ind2=" " tag="653">
      <marc:subfield code="a">19. Jahrhundert</marc:subfield>
   </marc:datafield>
   <marc:datafield ind1=" " ind2=" " tag="653">
      <marc:subfield code="a">Künstler</marc:subfield>
   </marc:datafield>
   <marc:datafield ind1=" " ind2=" " tag="653">
      <marc:subfield code="a">Judenverfolgung</marc:subfield>
   </marc:datafield>
   <marc:datafield ind1=" " ind2=" " tag="653">
      <marc:subfield code="a">Drittes REich</marc:subfield>
   </marc:datafield>
   <marc:datafield ind1=" " ind2=" " tag="653">
      <marc:subfield code="a">Auswanderung</marc:subfield>
   </marc:datafield>
   <marc:datafield ind1=" " ind2=" " tag="653">
      <marc:subfield code="a">1930er Jahre</marc:subfield>
   </marc:datafield>
   <marc:datafield ind1=" " ind2=" " tag="653">
      <marc:subfield code="a">1940er Jahre</marc:subfield>
   </marc:datafield>
   <marc:datafield ind1="0" ind2="0" tag="245">
      <marc:subfield code="a">Die Flucht der Dichter und Denker</marc:subfield>
   </marc:datafield>
   <marc:datafield ind1="0" ind2="0" tag="245">
      <marc:subfield code="b">wie Europas Künstler und Wissenschaftler den Nazis entkamen</marc:subfield>
   </marc:datafield>
   <marc:datafield ind1="0" ind2="0" tag="245">
      <marc:subfield code="c">Herbert Lackner</marc:subfield>
   </marc:datafield>
   <marc:datafield ind1=" " ind2="1" tag="264">
      <marc:subfield code="a">Wien</marc:subfield>
      <marc:subfield code="b">Ueberreuter</marc:subfield>
      <marc:subfield code="c">2017</marc:subfield>
   </marc:datafield>
   <marc:datafield ind1=" " ind2=" " tag="250">
      <marc:subfield code="a">1. Auflage</marc:subfield>
   </marc:datafield>
   <marc:datafield ind1="1" ind2=" " tag="520">
      <marc:subfield code="a">VERLAGSTEXT: / / Deutschlands und Österreichs Wissenschaftler, Künstler und Intellektuelle entkamen den Nationalsozialisten auf oft abenteuerlichen Wegen. Eine Flüchtlingsgeschichte mit vielen Parallelen zu heute - die Betroffenen kommen allerdings nicht aus Syrien und Afghanistan. Sie waren Nobelpreisträger, Universitätslehrer, weltberühmte Schriftsteller und gefeierte Dirigenten, Juden und Christen, Politiker und Zeitungsredakteure, die ein gemeinsames Schicksal einte: Die Nationalsozialisten wollten sie ermorden. Unter den Flüchtlingen: Sigmund Freud, Stefan Zweig, Joseph Roth, Thomas, Heinrich, Golo und Erika Mann, Franz Werfel und seine Frau Alma Mahler-Werfel. Alfred Polgar, Hermann Leopoldi, Ödön von Horvath, Anna Seghers, Robert Stolz, Friedrich Torberg, Karl Farkas, Billy Wilder, u.v.m.AUS DEM INHALT: / / VORWORT 7 / Danzig, 1. September 1939 / DER ERSTE SCHUSS 13 / Paris, 3. September 1939 / DER SCHLAFENDE KRIEG 25 / Sanary-sur-Mer; 3. September 1939 / IN DER ENKLAVE DER STARS 41 / Frankreich, September/Oktober 1939 / IN DEN LAGERN DER REPUBLIK 57 / Westeuropa, 10. Mai 1940 / DIE WEHRMACHT RÜCKf VOR 68 / Paris, 14. Juni 1940 / DIE WEHRMACHT STEHT VOR DER STADT 71 / Compiegne, 22. Juni 1940 / EIN SCHRECKLICHER WAFFENSTILLSTAND 83 / Montauban/Südfrankreich, Juli 1940 / DIE ZWISCHENSTATION DER ERSCHÖPFTEN 89 / New York, 25. Juli 1940 / GEHEIMTREFFEN IM "HOTEL COMMODORE" 96 / Marseille, August 1940 / PAPIERE MÜSSTE MAN HABEN 103 / Pyrenäen, 12. September 1940 / ÜBER DIE BERGE 119 / Lissabon, September/Oktober 1940 / EIN SCHIFF WIRD KOMMEN 128 / Lissabon-New York, 4.-13. Oktober 1940 / AN BORD DER ,,NEA HELLAS" 136 / Marseille, Winter 1940/Frühling 1941 / DIE LEIDE CHANCE 151 / New York/Los Angeles 1941 / AMERIKA,AMERIKA 168 / EPILOG 176 / WAS AUS IHNEN WURDE 179 / INTERVIEW MIT JOHN SAILER UND THOMAS LACHS 187 / ZEITTAFEL 194 / LITERATURVERZEICHNIS 199 /</marc:subfield>
   </marc:datafield>
   <marc:datafield ind1=" " ind2=" " tag="020">
      <marc:subfield code="a">9783800076802</marc:subfield>
      <marc:subfield code="9">9783800076802</marc:subfield>
   </marc:datafield>
   <marc:datafield ind1=" " ind2=" " tag="041">
      <marc:subfield code="a">ger</marc:subfield>
   </marc:datafield>
   <marc:datafield ind1=" " ind2=" " tag="300">
      <marc:subfield code="b">Ill.</marc:subfield>
   </marc:datafield>
   <marc:datafield ind1="1" ind2=" " tag="521">
      <marc:subfield code="a">0</marc:subfield>
   </marc:datafield>
   <marc:datafield ind1=" " ind2=" " tag="300">
      <marc:subfield code="a">204 Seiten</marc:subfield>
   </marc:datafield>
</marc:record>
